El plan financiero en los proyectos de modernización industrial / (Record no. 84034)

MARC details
000 -LEADER
campo de control de longitud fija 00625nam a2200193 i 4500
001 - NÚMERO DE CONTROL
campo de control 84034
003 - IDENTIFICADOR DE NÚMERO DE CONTROL
campo de control ES-MaACL
005 - FECHA Y HORA DE LA ÚLTIMA TRANSACCIÓN
campo de control 20250902062856.0
007 - CAMPO FIJO DE DESCRIPCIÓN FÍSICA--INFORMACIÓN GENERAL
campo de control de longitud fija t|
008 - DATOS DE LONGITUD FIJA--INFORMACIÓN GENERAL
campo de control de longitud fija 041119s1967 sp |||| | spa d
100 1# - ENTRADA PRINCIPAL--NOMBRE DE PERSONA
Nombre de persona Jáuregui Alonso, Julio de.
9 (RLIN) 66191
245 13 - MENCIÓN DEL TÍTULO
Título El plan financiero en los proyectos de modernización industrial /
Mención de responsabilidad, etc. Julio de Jáuregui Alonso, Javier Sánchez Casajús.
260 ## - PUBLICACIÓN, DISTRIBUCIÓN, ETC.
Lugar de publicación, distribución, etc. Bilbao :
Nombre del editor, distribuidor, etc. Deusto,
Fecha de publicación, distribución, etc. [1967]
300 ## - DESCRIPCIÓN FÍSICA
Extensión 128 p. ;
Dimensiones 21 cm.
650 04 - PUNTO DE ACCESO ADICIONAL DE MATERIA--TÉRMINO DE MATERIA
Término de materia o nombre geográfico como elemento de entrada Empresas-
Subdivisión geográfica España
9 (RLIN) 12218
700 1# - ENTRADA AGREGADA--NOMBRE PERSONAL
Nombre de persona Sánchez Casajús, Javier.
9 (RLIN) 102533
852 ## - LOCALIZACIÓN
Ubicación ES-MaACL
Número de control de estantería C-32756
Holdings
Estatus retirado Estado de pérdida Estado de daño No para préstamo Biblioteca de origen Biblioteca actual Ubicación en estantería Fecha de adquisición Fuente de adquisición Total de préstamos Signatura topográfica completa Código de barras Visto por última vez Precio de reemplazo Tipo de ítem Koha
        Biblioteca del Ateneo de Madrid Biblioteca del Ateneo de Madrid Depósito 2 17/01/2008     C-32756 1087822 23/02/2023 23/02/2023 Libro impreso